Welcome to the Holygrace Academy Library

Please use search bar below to get started

BECOMING (Record no. 5754)

MARC details
000 -LEADER
fixed length control field 00287nam a22001337a 4500
020 ## - INTERNATIONAL STANDARD BOOK NUMBER
ISBN 978-0-241-33414-0
082 ## - DEWEY DECIMAL CLASSIFICATION NUMBER
Classification number 920
Item number OBA/B
100 ## - MAIN ENTRY--AUTHOR NAME
Personal name OBAMA,MICHELLE
245 ## - TITLE STATEMENT
Title BECOMING
260 ## - PUBLICATION, DISTRIBUTION, ETC. (IMPRINT)
Place of publication UK
Name of publisher PENGUIN BOOKS
300 ## - PHYSICAL DESCRIPTION
Number of Pages 426
650 ## - SUBJECT ADDED ENTRY--TOPICAL TERM
Topical Term LIFE OF MICHELLE OBAMA
Geographic subdivision UK
942 ## - ADDED ENTRY ELEMENTS (KOHA)
Koha item type Books
Holdings
Withdrawn status Lost status Collection code Home library Current library Shelving location Date acquired Source of acquisition Full call number Accession Number Koha item type
    Reference Main Library Main Library SHELF-17-J-BIOGRAPHIES & AUTOBIOGRAPHIES 28/10/2019 PURCHASE 920 OBA/B 11785 Books